| 000 | 00481cam a2200193 4500 | ||
|---|---|---|---|
| 001 | D9086 | ||
| 008 | 090401t1978 xxu||||| |||| 00| 0 eng d | ||
| 035 | _a(Sirsi) u94814 | ||
| 041 | _aeng | ||
| 050 | _a698.1028 | ||
| 100 | _aStubbington, D.T. | ||
| 245 | _aEstimating for painting and decorating | ||
| 260 |
_aAscot _bInstitute of Building _c1978 |
||
| 300 | _a4p. 30cm | ||
| 350 | _a0 | ||
| 490 |
_aEstimating Information Service _v28 |
||
| 942 | _n0 | ||
| 948 | _c04/03/1997 | ||
| 999 |
_c98197 _d98197 |
||